| 000 | 00831nam a2200313Ia 4500 | ||
|---|---|---|---|
| 003 | OSt | ||
| 005 | 20230225091354.0 | ||
| 008 | 210210b1992 xxu||||| |||| 00| 0 eng d | ||
| 020 | _a8121901693 | ||
| 040 | _c AL | ||
| 041 | _aeng | ||
| 082 |
_a580/281 _bVASB |
||
| 100 |
_aP C Vashishta _934057 |
||
| 245 |
_aBotany for degree students: _bGymnosperms Vol V |
||
| 250 | _a2 | ||
| 260 |
_aNew Delhi _bS. Chand & Co. Ltd. _c1992 |
||
| 300 |
_aviii,490 _bPB _c21x13cm. |
||
| 365 |
_2Botany _b45.00 _c₹ _d45.00 |
||
| 440 |
_973291 _pVol.5 |
||
| 650 |
_aCycadopsida _973285 |
||
| 650 |
_aBennettitales _973286 |
||
| 650 |
_aPentoxylales _973287 |
||
| 650 |
_aCycadales _973288 |
||
| 650 |
_aConfiferopsida _973289 |
||
| 690 |
_aBotany _934065 |
||
| 700 |
_aVASHISHTA (P C) _973290 |
||
| 906 | _a047076 | ||
| 942 |
_2ddc _cBK |
||
| 999 |
_c127946 _d127946 |
||